Statistics for Countries Bordering Unknown Country #3

Click here to take the quiz!

General Stats

  • This quiz has been taken 866 times
  • The average score is 8 of 8

Answer Stats

Answer% Correct
RRussia
99%
BBelarus
98%
RRomania
98%
HHungary
97%
PPoland
97%
SSlovakia
96%
MMoldova
95%
Ukraine
94%

Score Distribution

Percentile by Number Answered

Percent of People with Each Score

Your Score History

You have not taken this quiz